| 000 | 00374nam a22001457a 4500 | ||
|---|---|---|---|
| 999 |
_c7932 _d7932 |
||
| 003 | OSt | ||
| 005 | 20200604162228.0 | ||
| 008 | 200604b ||||| |||| 00| 0 eng d | ||
| 020 | _a9788496424296 | ||
| 082 |
_a720.3 _bCOM |
||
| 100 | _aComerma i Broto | ||
| 245 | _aVisual dictionary of architecture & construction | ||
| 260 |
_aSpain _bLinks International _c2008 |
||
| 942 | _2ddc | ||